000 01316nam a22002057a 4500
999 _c358032
_d358032
003 IT-MiCISF
005 20181023153947.0
008 181023b ||||| |||| 00| 0 eng d
040 _cIT-MiCISF
041 _ait
100 _aDi Carlo Stefano, Meani Luigi
_957417
245 _aLe paure dei nostri figli
_bModalità e strategie per superarle
260 _aMilano
_bPaoline
_c2018
300 _app. 212
500 _afamiglia, figli-piccoli, comportamento, consulenza
520 _aIl percorso di sviluppo di ogni bambino consiste nel diventare sempre più autonomo dalle figure genitoriali e scoprire la propria individualità. In questo processo evolutivo, si verificano necessariamente situazioni portatrici di preoccupazioni o disagi: potrebbe essere una prolungata assenza della mamma per motivi di salute, una separazione, il trasferimento in un'altra città. Se non sono affrontate opportunamente, tali esperienze possono essere fonte di paure. Lo scopo del volume è presentare riflessioni, suggerimenti, esercizi per acquisire nuove abilità di gestione educativa e genitoriale. Vengono proposte strategie e competenze adatte ad affrontare e superare le paure dei bambini a livello emotivo, cognitivo e comportamentale.
650 _aetà-evolutiva
_956123
654 _asaggio
942 _2ddc
_cBK